| 000 | 00969nam a22001817a 4500 | ||
|---|---|---|---|
| 003 | UA-OsUOA | ||
| 001 | 18173 | ||
| 007 | ta | ||
| 008 | 20040422b un ||||| |||| 00| 0 ukr d | ||
| 100 | _aКолесник О. | ||
| 942 | _cSA | ||
| 040 |
_aUA-OsUOA _cUA-OsUOA _dUA-OsUOA |
||
| 245 |
_aФонд соціального страхування від нещасних випадків на виробгництві тапрофесійних захворювань : три роки діяльності _b[Розмова із начальником упр. виконав. дирекції Фонду соц. страхування від нещасних випадків на виробництві та профзахворювань О.Колесником]/ Розмову вів К.Мирощук |
||
| 300 | _aС.17 | ||
| 955 | _a0 | ||
| 773 | 0 |
_w0 _tВільне слово _dРівне _d2004 _g№29/16 квіт./ |
|
| 650 | 7 |
_aКраєзнавча робота _2UDC |
|
| 999 |
_c304343 _d304343 |
||